000 03088 ab a2200553 4500
003 AR-RoUNA
008 140529||||||||||||||||| |||| 0|||| d
040 _aAR-RoUNA
_bspa
041 _aspa
_aeng
080 _a72.036
100 1 _aPlanelles Herrero, Mercedes
_4drt
_95379
245 _aVia arquitectura
_bColor
_n13
260 _aEspaña
_bEditorial Team
_c2003
300 _a152 p. :
_bplanos
_bplantas
_bdib.
_bláms.
_c30x25 cm
505 0 _tESCRITOS
505 0 _aRafael Carro Bernardo / Le Corbusier nos hizo el regalo del muro blanco. p. 8
505 0 _aXavier Borils / El color de la arquitectura. p. 18
505 0 _aAlfonso Diaz Segura/ Color, ornamento y delito. p.24
505 0 _tPROYECTOS Y OBRAS
505 0 _aMVRDV /Viviendas en la isla deHagen, Ypenburg (Holanda). p. 30
505 0 _aMob. Mauve Arquitectos. V. Baskozos. D. Tsagaraki y Asociados/ Casa y taller en Drosia. Atenas (Grecia). p. 34
505 0 _aAlsop Arquitectos/ Colorium, Dusseldorf. (Alemania). p. 38
505 0 _aJulio César Moreno / Residencia de Ancianos, Herreruela de Oropesa (Toledo). p. 44
505 0 _aSadarvuga Arquitecto/ Cámara de comercio e industria (Eslovenia, Ljubjana). p. 50
505 0 _aSauerbruch Hutton Arquitecto. Mathias Sauerbubruch. Louisa Hutton. Juan Lucas Young / Edificio de Investigación Farmacológico. (Biberach. Alemania). p. 56
505 0 _aHan Slawk / Cama por la noche. (Alemania). p. 62
505 0 _aWEST 8 / Expo 02. Yverdon les Bains (Suiza). p. 68
505 0 _aPeripheriques. Marin & Trottin. Jakob & Macfarlane / La Café Musiques (Francia). p. 74
505 0 _aVicente Sáenz Guerra / Fundación Jorge Ofeiza (Navarra). p. 80
505 0 _aHerzog & De Meuron / Centro Laban para la Danza Contemporánea (Londres). p. 88
505 0 _aDatum O. Guillermo Garita. Athanasios Haritos/ Casa Achio. San José. (Costa Rica). p. 96
505 0 _aMichel Corajoud / El Jardín cromático del parque Gerland (Francia). p. 102
505 0 _aKram & Stigl /Cubo de Luz ( Saarbricken). p. 106
505 0 _aReinhold Weichlbauer / Albert Josef Ortis / WohnDNA (Austria). p. 110
505 0 _aPatrck Devanthery & Inés Lamuniere/ Cínica psiquiatrica (Suiza). p. 116
505 0 _aSolid Arquitecta. Álvaro Soto Aguirre. Javier Maroto Ramos / Mercado de Villajoyosa (Alicante). p.122
505 0 _aJarmund/ Vigsnaes Arquitectos MNAL Einar Jarmund / La casa roja. (Oslo Noruega). p. 128
505 0 _aPapelín, Grupo Minimoa TAC / Modernicemos. p. 134
505 0 _aMarion Michaut / El viaje Cromático. p. 136
505 0 _aSandra Martínez Cuevas. Miguel San Millán Escribano/ De Colores. p. 140
505 0 _aEnrique Talles/ Residencia Universitarias Oblatas del Santísimo Redentor ( Murcia).p. 144
505 0 _aPublicidad. p. 152
650 _aArquitectura Contemporanea
_9431
773 0 _aArquitectura Viva
_dMadrid, Arquitectura Viva 1988
_gNº 13 (mar-abr-may), 152 p.
_x11377402
930 _c56
_e5735
942 _2udc
_cART
945 _d2022-08-31
980 _gMaricel Allasia
_61
_aMaricel Allasia
_81
999 _c12424
_d12424